Character-Anime - Statistics

General Stats
  • This quiz has been taken 847 times
  • The average score is 17 of 108
Answer Stats
Hint Answer % Correct
Pikachu Pokemon
85%
Yagami Light Death Note
82%
Lelouch Lamperouge Code Geass
68%
Namikaze Minato Naruto
67%
Inuyasha Inuyasha
66%
Asuna Yuuki Sword Art Online
66%
Mikasa Ackerman Shingeki no Kyojin
65%
Gol D. Roger One piece
58%
Gasai Yuno Mirai Nikki
46%
Saber Fate/Stay Night
44%
Aisaka Taiga Toradora
41%
Tachibana Kanade Angel beats!
38%
Sora/Shiro No game, no life
38%
Maka Albarn Soul Eater
37%
Yuuki Cross Vampire Knight
32%
Okazaki Tomoya Clannad
30%
Tsukino Usagi Bishoujo Senshi Sailor Moon
29%
Matoi Ryuko Kill la Kill
29%
Sebastian Michaelis Kuroshitsuji
29%
Misaki Mei Another
28%
Tamaki Suou Ouran Highschool Host Club
27%
Saotome Ranma Ranma 1/2
26%
Ayanami Rei Neon Genesis Evangelion
25%
Nakano Asuza K-On!
22%
Kaname Madoka Puella Magi Madoka Magica
22%
Shana Shakugan no shana
22%
Clare Claymore
21%
Holo Spice and Wolf
21%
Honma Meiko (Menma) AnoHana
20%
Kirisaki Chitoge Nisekoi
20%
Heidi Arupusu no Shōjo Haiji
19%
Konata Izumi Lucky Star
19%
Yagami Taichi (Tai kamiya) Digimon
17%
Yuzuriha Inori Guilty Crown
17%
Araragi Koyomi Monogatari (series)
17%
Ayuzawa Misaki Kaichou wa Maid-Sama
16%
Lala Satalin Deviluke To Love Ru
15%
Ryuugu Rena higurashi no naku koro ni
14%
Louise Francoise le Blanc de la Vallière Zero no Tsukaima
14%
Kuronuma Sawako Kimi ni Todoke
13%
Julieta Fiammatto Asto Capuleto RomeoXjuliet
13%
Momomiya Ichigo Tokyo mew mew
13%
Kuroyukihime Accel world
12%
Victorique de Blois Gosick
12%
Kenzô Tenma Monster
12%
Takanashi Rikka Chuunibyou demo Koi ga Shitai!
11%
Kinomoto Sakura Sakura Cardcaptor
11%
Katsuragi Keima Kami nomi zo shiru sekai
10%
Natsume Takashi Natsume Yūjin-Chō
10%
Megumi Noda (Nodame) Nodame Cantabile
10%
Kousaka Kirino Ore no Imouto ga konna ni kawaii Wake ga nai
10%
Otonashi Saya Blood +
9%
Hanato Kobato Kobato
9%
Inaba Himeko Kokoro Connect
8%
Eucliwood Hellscythe Kore wa zombie desu ka?
8%
Kuriyama Mirai Kyoukai no Kanata
8%
Narusegawa Naru love hina
8%
Harima Kenji School Rumble
8%
Kitashirakawa Tamako Tamako Market
8%
Kuroki Tomoko Watashi ga Motenai no wa Dou Kangaetemo Omaera ga Warui!
8%
Kashiwazaki Sena Boku wa Tomodachi ga Sukunai
7%
Kaga Kouko Golden Time
7%
Katsura Kotonoha School Days
7%
Tachibana Mei Sukitte ii nayo
7%
Ayasaki Hayate Hayate no Gotoku
6%
Aizawa Yūichi kanon
6%
Ootani Atsushi Lovely Complex
6%
Ikaros Sora no Otoshimono
6%
Shizuku Mizutani Tonari no Kaibutsu-kun
6%
Orimura Ichika Infinite Stratos
5%
Suminoe Ako KissXSis
5%
Suigintou Rozen Maiden
5%
Ozaki Toshio Shiki
5%
Watanuki Kimihiro XXXHolic
5%
Miniwa Tsumiki Acchi kocchi
4%
Moritaka Mashiro Bakuman
4%
Kuroi Mato Black Rock Shooter
4%
Tadakuni Danshi Koukousei no Nichijou
4%
Katakura Kippei I love you baby
4%
Kotoko Aihara Itazura na Kiss
4%
Fate Testarossa (Harlaown) Mahou Shoujo Lyrical Nanoha
4%
Kurogane Tsubasa Reservoir Chronicles
4%
Nino Arakawa under the bridge
3%
Nadja Applefield Ashita no Nadja
3%
Yasuri Shichika Katanagatari
3%
Naoe Riki Little Busters!
3%
Ritsuka Aoyagi Loveless
3%
Morishima Haruka Amagami SS
2%
Sakura Ichiko Binbougami ga
2%
Takahashi Nanami Bokura ga Ita
2%
Heero Yuy Gundam Wings
2%
Riuuzaki Umi Magic Knight Rayearth
2%
Lime (Lima) Saber Marionette
2%
Noe Isurugi True Tears
2%
Kamio Mizusu Air Tv
1%
Chiba Kirino Bamboo Blade
1%
Kokopelli Bokurano
1%
Mikami Reiko Ghost Sweeper Mikami
1%
Sonsaku Hakufu Ikkitousen
1%
Sena Airi Mashiro iro symphony
1%
Yatsushiro Nanaka Myself;Yourself
1%
Chocolat Ore no Nounai Sentakushi ga Gakuen Love Comedy wo Zenryoku de Jama Shiteiru
1%
Kamijou Touma Tu aru Majutsu no Index
1%
Yuuhi katagiri Akane iro ni somaru saka
0%
Shou Koumoto Kaidan Restaurant
0%
Yomiko Readman Read or Dead
0%
Yoshika Miyafuji Strikes Witches
0%
Sayuri Amamiya Tokimeki Memorial
0%
No matching quizzes found
Score Distribution
Percent of People with Each Score
Percentile by Number Answered
Your Score History
You have not taken this quiz